| 000 | 00344nam a22001097a 4500 | ||
|---|---|---|---|
| 999 |
_c515143 _d515143 |
||
| 082 | _aN11X5411 B469 | ||
| 100 |
_aBhuyan, Suryya Kumar _920282 |
||
| 245 |
_aThe Military System in Mediaeval Assam _cby Chaturvedi, T. N. |
||
| 260 |
_aGuwahati _bThe Centenary Celebration Commitee _c2010 |
||
| 300 | _a48p. | ||
| 650 |
_aMillitary Policy- India _920283 |
||